<?xml version="1.0" encoding="UTF-8"?>
<record
    xmlns:xsi="http://www.w3.org/2001/XMLSchema-instance"
    xsi:schemaLocation="http://www.loc.gov/MARC21/slim http://www.loc.gov/standards/marcxml/schema/MARC21slim.xsd"
    xmlns="http://www.loc.gov/MARC21/slim">

  <leader>01986nam a2200337   4500</leader>
  <controlfield tag="001">376</controlfield>
  <controlfield tag="003">OSt</controlfield>
  <controlfield tag="005">20250403093817.0</controlfield>
  <controlfield tag="008">250403b        |||||||g |||| 00| 0 eng d</controlfield>
  <datafield tag="020" ind1=" " ind2=" ">
    <subfield code="a">978850104457</subfield>
  </datafield>
  <datafield tag="040" ind1=" " ind2=" ">
    <subfield code="b">por</subfield>
  </datafield>
  <datafield tag="041" ind1=" " ind2=" ">
    <subfield code="h">dut</subfield>
    <subfield code="a">por</subfield>
  </datafield>
  <datafield tag="082" ind1=" " ind2=" ">
    <subfield code="a">920</subfield>
    <subfield code="b">F828d</subfield>
  </datafield>
  <datafield tag="100" ind1="1" ind2=" ">
    <subfield code="a">Frank, Anne,</subfield>
    <subfield code="d">1929-1945.</subfield>
    <subfield code="9">778</subfield>
  </datafield>
  <datafield tag="240" ind1=" " ind2=" ">
    <subfield code="a">Het Achterhuis</subfield>
  </datafield>
  <datafield tag="245" ind1=" " ind2=" ">
    <subfield code="a">O di&#xE1;rio de Anne Frank /</subfield>
    <subfield code="c">Frank, Anne ; Tradu&#xE7;&#xE3;o de Alves Calado </subfield>
  </datafield>
  <datafield tag="250" ind1=" " ind2=" ">
    <subfield code="a">81&#xB0; ed.</subfield>
  </datafield>
  <datafield tag="260" ind1=" " ind2=" ">
    <subfield code="a">Rio de Janeiro</subfield>
    <subfield code="b">Record</subfield>
    <subfield code="c">2019</subfield>
  </datafield>
  <datafield tag="300" ind1=" " ind2=" ">
    <subfield code="a">351 p.</subfield>
  </datafield>
  <datafield tag="520" ind1=" " ind2=" ">
    <subfield code="a">O depoimento da pequena Anne Frank, morta pelos nazistas ap&#xF3;s passar anos escondida no s&#xF3;t&#xE3;o de uma casa em Amsterd&#xE3;, ainda hoje emociona leitores no mundo inteiro. Seu di&#xE1;rio narra os sentimentos, medos e pequenas alegrias de uma menina judia que, com sua fam&#xED;lia, lutou em v&#xE3;o para sobreviver ao Holocausto.
Lan&#xE7;ado em 1947, O di&#xE1;rio de Anne Frank tornou-se um dos maiores sucessos editoriais de todos os tempos. Um livro tocante e importante que conta &#xE0;s novas gera&#xE7;&#xF5;es os horrores da persegui&#xE7;&#xE3;o aos judeus durante a Segunda Guerra Mundial.
Agora, seis d&#xE9;cadas ap&#xF3;s ter sido escrito, este relato finalmente &#xE9; publicado na &#xED;ntegra, com um caderno de fotos e o resgate de trechos que permaneciam in&#xE9;ditos. Uma nova edi&#xE7;&#xE3;o que aprofunda e aumenta nossa compreens&#xE3;o da vida e da personalidade dessa menina que se transformou em um dos grandes s&#xED;mbolos da luta contra a opress&#xE3;o e a injusti&#xE7;a. E consagra O di&#xE1;rio de Anne Frank como um dos livros de maior import&#xE2;ncia do s&#xE9;culo XX. Uma obra que deve ser lida por todos, para evitar que atrocidades parecidas voltem a acontecer neste mundo.</subfield>
  </datafield>
  <datafield tag="650" ind1=" " ind2="0">
    <subfield code="a">Literatura holandesa</subfield>
    <subfield code="9">593</subfield>
  </datafield>
  <datafield tag="650" ind1=" " ind2="0">
    <subfield code="a">2&#xB0; Guerra Mundial</subfield>
    <subfield code="9">56</subfield>
  </datafield>
  <datafield tag="650" ind1=" " ind2="0">
    <subfield code="a">Holocausto</subfield>
    <subfield code="9">780</subfield>
  </datafield>
  <datafield tag="650" ind1=" " ind2="0">
    <subfield code="a">Drama</subfield>
    <subfield code="9">18</subfield>
  </datafield>
  <datafield tag="650" ind1=" " ind2="0">
    <subfield code="a">Cl&#xE1;ssicos</subfield>
    <subfield code="9">77</subfield>
  </datafield>
  <datafield tag="650" ind1=" " ind2="0">
    <subfield code="a">Filme</subfield>
    <subfield code="9">26</subfield>
  </datafield>
  <datafield tag="655" ind1=" " ind2="0">
    <subfield code="a">Romance</subfield>
    <subfield code="9">23</subfield>
  </datafield>
  <datafield tag="655" ind1=" " ind2="0">
    <subfield code="a">N&#xE3;o Fic&#xE7;&#xE3;o</subfield>
    <subfield code="9">102</subfield>
  </datafield>
  <datafield tag="700" ind1=" " ind2=" ">
    <subfield code="a">Alves Calado</subfield>
    <subfield code="e">Tradutor</subfield>
    <subfield code="9">325</subfield>
  </datafield>
  <datafield tag="942" ind1=" " ind2=" ">
    <subfield code="2">ddc</subfield>
    <subfield code="n">0</subfield>
    <subfield code="c">BK</subfield>
  </datafield>
  <datafield tag="952" ind1=" " ind2=" ">
    <subfield code="0">0</subfield>
    <subfield code="1">0</subfield>
    <subfield code="2">ddc</subfield>
    <subfield code="4">0</subfield>
    <subfield code="7">0</subfield>
    <subfield code="8">FIC</subfield>
    <subfield code="a">BIBIB</subfield>
    <subfield code="b">BIBIB</subfield>
    <subfield code="c">LE</subfield>
    <subfield code="d">2019-09-26</subfield>
    <subfield code="e">doa&#xE7;&#xE3;o</subfield>
    <subfield code="l">0</subfield>
    <subfield code="o">920 / F828d</subfield>
    <subfield code="p">2025-16490</subfield>
    <subfield code="r">2025-04-03 07:59:40</subfield>
    <subfield code="t">Ex. 01</subfield>
    <subfield code="w">2025-04-03</subfield>
    <subfield code="y">BK</subfield>
  </datafield>
  <datafield tag="952" ind1=" " ind2=" ">
    <subfield code="0">0</subfield>
    <subfield code="1">0</subfield>
    <subfield code="2">ddc</subfield>
    <subfield code="4">0</subfield>
    <subfield code="7">0</subfield>
    <subfield code="8">FIC</subfield>
    <subfield code="a">BIBIB</subfield>
    <subfield code="b">BIBIB</subfield>
    <subfield code="c">LE</subfield>
    <subfield code="d">2019-09-26</subfield>
    <subfield code="e">doa&#xE7;&#xE3;o</subfield>
    <subfield code="l">0</subfield>
    <subfield code="o">920 / F828d</subfield>
    <subfield code="p">2025-16491</subfield>
    <subfield code="r">2025-04-03 07:59:40</subfield>
    <subfield code="t">Ex. 02</subfield>
    <subfield code="w">2025-04-03</subfield>
    <subfield code="y">BK</subfield>
  </datafield>
  <datafield tag="999" ind1=" " ind2=" ">
    <subfield code="c">376</subfield>
    <subfield code="d">376</subfield>
  </datafield>
</record>
